| 000 | 00494nam a2200157 i 4500 | ||
|---|---|---|---|
| 001 | 113422 | ||
| 003 | ES-MaACL | ||
| 005 | 20230906185903.0 | ||
| 007 | t| | ||
| 008 | 061121s1965 sp r ||||1| spa d | ||
| 100 | 1 |
_aPablo _bVI _cPapa, Santo. _9168351 |
|
| 245 | 1 | 0 |
_aSacerdocio católico _b: (alocuciones, discursos y cartas al clero) / _cpapa Pablo VI, Giovanni B. Montini. |
| 260 |
_aSalamanca : _bSígueme, _c1965. |
||
| 300 |
_a253 p. ; _c19 cm. |
||
| 852 |
_aES-MaACL _jC-29306 _bR.59661 |
||
| 999 |
_c113422 _d113422 |
||